| 000 | 00584nam a22001937a 4500 | ||
|---|---|---|---|
| 999 |
_c180670 _d180670 |
||
| 005 | 20210813133255.0 | ||
| 010 | _aENG-129853 | ||
| 020 |
_c1125.00 _a978-93-84402-91-4 |
||
| 035 | _aEN-113385 | ||
| 037 | _bDBAD/PUB | ||
| 082 | _a155.33 | ||
| 100 | _aKumari, Reena | ||
| 245 |
_aGender and Mental Health Psychology: _cReena Kumari |
||
| 250 | _a2018 | ||
| 260 |
_bGyan Geeta Prakashan _c2018 _aDelhi |
||
| 270 |
_k09716234769 _mgyangeetaprakashan@gmail.com _aF-7 Naveen Shahdara _bDelhi _e110032 |
||
| 300 |
_a276p. _c24cm (hbk) |
||
| 942 |
_2ddc _cEN _h155.33 _kKUM |
||